Himalaya = Himalaya : l'enfance d'un chef /
A través del conflicto entre el novel jefe de la región de Dolpo, en las montañas de Nepal y el padre de su mejor amigo, quien lo culpa de la muerte de su hijo, anterior líder, se narra la historia de un pueblo que se empeña en sobrevivir de acuerdo a sus tradiciones y creencias en contra de la crec...
Na minha lista:
| Autor principal: | |
|---|---|
| Outros Autores: | , , , , , , , |
| Formato: | |
| Assuntos: | |
| Tags: |
Sem tags, seja o primeiro a adicionar uma tag!
|
MARC
| LEADER | 00000ngm^a2200000^a^4500 | ||
|---|---|---|---|
| 001 | 000297395 | ||
| 005 | 20250521000000.0 | ||
| 009 | 20260310112336.941 | ||
| 037 | |a Acervo ITESO - Biblioteca | ||
| 041 | |a OTR | ||
| 082 | |a 891. 49 |b VAL | ||
| 100 | |a Valli, Eric |e (realización) | ||
| 245 | 1 | 0 | |a Himalaya = |b Himalaya : l'enfance d'un chef / |c Realización de E. Valli. |
| 264 | |a México : |b Zafra [distribución], |c fecha no identificada | ||
| 300 | |a 1 DVD regiones 1 y 4 |c (104 min.) | ||
| 336 | |a imagen móvil bidimensional |b tdi |2 rdacontenido | ||
| 337 | |a video |b v |2 rdamedio | ||
| 338 | |a videodisco |b vd |2 rdasoporte | ||
| 520 | |a A través del conflicto entre el novel jefe de la región de Dolpo, en las montañas de Nepal y el padre de su mejor amigo, quien lo culpa de la muerte de su hijo, anterior líder, se narra la historia de un pueblo que se empeña en sobrevivir de acuerdo a sus tradiciones y creencias en contra de la creciente estandarización de la globalización. Ambos rivales emprenden, por separado y con diferentes concepciones, la caravana anual de yaks para vender la sal que producen, apegado uno a las tradiciones, el otro con espíritu más independiente; los peligros que cada uno sortea les enseña a los dos a respetar las costumbres de su pueblo. Primer largometraje dirigido por el fotógrafo y cineasta francés –establecido en Nepal- Eric Valli. | ||
| 546 | |a En alemán, nepalés y tibetano, con subtítulos opcionales: español | ||
| 586 | |a Premio Oscar, de la Academia Norteamericana de Cine (72°: 1999): Mejor Película en Lengua No Inglesa (finalista, representante de Nepal) | ||
| 649 | |a XX | ||
| 650 | |a Cineastas Franceses | ||
| 650 | |a Hombre - |x Influencia del Medio Natural | ||
| 650 | |a Cine de Aventuras | ||
| 650 | |a Dramas Cinematográficos | ||
| 650 | |a Opera Prima | ||
| 650 | |a Cine Nepalés - |y 1990-1999 | ||
| 650 | |a Cine Nepalés - |y Siglo XX | ||
| 650 | |a Liderazgo | ||
| 650 | |a Muerte | ||
| 650 | |a Venganza | ||
| 650 | |a Conflicto Intergeneracional | ||
| 650 | |a Conflicto (Relaciones Personales) | ||
| 650 | |a Relaciones Padres-Hijos | ||
| 650 | |a Ritos - |z Nepal - |x Tema Principal | ||
| 650 | |a Prácticas Culturales - |z Nepal | ||
| 650 | |a Organización Social - |z Nepal | ||
| 650 | |a Viajes y Travesías - |z Nepal | ||
| 650 | |a Nepal - |x Condiciones Sociales y Culturales | ||
| 650 | |a Nepal - |x Descripción | ||
| 650 | |a Himalaya en el Cine | ||
| 700 | |a Valli, Eric |e (guión) | ||
| 700 | |a Guichard, Eric |e (fotógrafo) | ||
| 700 | |a Meurisse, Jean-Paul |e (fotógrafo) | ||
| 700 | |a Yoyotte, Marie-Josèphe |e (montaje) | ||
| 700 | |a Coulais, Bruno |e (música) | ||
| 700 | |a Lhondup, Thilen |e (actuación) | ||
| 700 | |a Kyap, Gurgon |e (actuación) | ||
| 700 | |a Tsamchoe, Lhakpa |e (actuación) | ||
| 910 | |a Fondo General | ||
| 920 | |a Audiovisuales - DVDs | ||
| 940 | |a Películas | ||
| 905 | |a 302 | ||
| 901 | |a 0500093710 |b IT2 |c DVS |i C115967 |u 20250521 | ||
| 902 | |a https://opac.biblio.iteso.mx/vufind/Record/000297395 | ||